Pragaḷbhā nadīra upakathā. (Record no. 70666)
[ view plain ]
| 000 -LEADER | |
|---|---|
| fixed length control field | 00554cam a22002291 4500 |
| 001 - CONTROL NUMBER | |
| control field | sa 66006702 |
| 003 - CONTROL NUMBER IDENTIFIER | |
| control field | DLC |
| 005 - DATE AND TIME OF LATEST TRANSACTION | |
| control field | 20260227112258.0 |
| 008 - FIXED-LENGTH DATA ELEMENTS--GENERAL INFORMATION | |
| fixed length control field | 941012s1966 ii 000 1 orio |
| 010 ## - LIBRARY OF CONGRESS CONTROL NUMBER | |
| LC control number | sa 66006702 |
| 025 ## - OVERSEAS ACQUISITION NUMBER | |
| Overseas acquisition number | PL480:I-O-641 |
| 035 ## - SYSTEM CONTROL NUMBER | |
| System control number | (OCoLC)31273886 |
| 040 ## - CATALOGING SOURCE | |
| Original cataloging agency | DLC |
| Transcribing agency | CU |
| Modifying agency | CU |
| -- | DLC |
| 042 ## - AUTHENTICATION CODE | |
| Authentication code | premarc |
| 050 00 - LIBRARY OF CONGRESS CALL NUMBER | |
| Classification number | PK2579.M284 |
| Item number | P7 |
| 100 1# - MAIN ENTRY--PERSONAL NAME | |
| Personal name | Mahanti, Brajamohan. |
| 245 10 - TITLE STATEMENT | |
| Title | Pragaḷbhā nadīra upakathā. |
| 260 ## - PUBLICATION, DISTRIBUTION, ETC. | |
| Date of publication, distribution, etc. | [1966?] |
| 300 ## - PHYSICAL DESCRIPTION | |
| Extent | 80 p. |
| Dimensions | 23 cm. |
| 500 ## - GENERAL NOTE | |
| General note | In Oriya. |
| 500 ## - GENERAL NOTE | |
| General note | Short stories. |
No items available.